000 00518nam a22001817a 4500
003 UA-OsUOA
001 9218
007 ta
008 20041028b un ||||| |||| 00| 0 ukr d
100 _aНіколаєв І.
942 _cSA
040 _aUA-OsUOA
_cUA-OsUOA
_dUA-OsUOA
245 _aУчасть держави Україна у концесійних відносинах
300 _aС.44-47
955 _a0
773 0 _w0
_tПраво України
_dКиїв
_d2004
_gN10
650 7 _aІнвестиції
_2UDC
999 _c295379
_d295379